000 00293nam a2200133Ia 4500
008 190216s9999||||xx |||||||||||||| ||und||
100 _aAlan Simpson
245 0 _aDbase Iii Plus
250 _a1st Ed.
260 _bBpb Publications
_c1993
300 _a414
650 _aComputer
942 _cBK
999 _c8575
_d8575